000 00903nam a22002777a 4500
001 9292
003 FISKH
005 20251209104924.0
008 251209b cb ||||| |||| 00| 0 eng d
020 _a9780789478788
040 _aFISKH
_beng
_cFISKH
_dFISKH
050 _aE111 .G224
082 _a970.01
100 _aGaneri, Anita
245 _aThe story of Christopher Columbus /
_cAnita Ganeri
260 _aNew York :
_bA Dorling Kindersley Book,
_c2001.
300 _a32 pages :
_bcolor illustrations ;
_c23 cm
490 _aDorling Kindersley Readers :
_vBeginning to read alone 2.
505 _aQ
520 _aTells the story of how Christopher Columbus set out on a voyage to the Indies in 1492 and instead landed in America.
521 8 _a660
_bLexile
521 8 _aQ
_bRaz-Plus
650 _aSocial studies
_vExplorer
_xBiographies
942 _2ddc
_cBK
_n0
999 _c9292
_d9292